A Journey trough time 65 years of humanitarian action in Pakistan 1948-2013 (Record no. 16090)

000 -LEADER
fixed length control field 00528nam a22001337a 4500
040 ## - CATALOGING SOURCE
Original cataloging agency 1
082 ## - DEWEY DECIMAL CLASSIFICATION NUMBER
Classification number 361.77
Author Mark AJO 2013
245 ## - TITLE STATEMENT
Title A Journey trough time 65 years of humanitarian action in Pakistan 1948-2013
Statement of responsibility, etc. ICRC
260 ## - PUBLICATION, DISTRIBUTION, ETC.
Place of publication, distribution, etc. Islamabad
Name of publisher, distributor, etc. ICRC
Date of publication, distribution, etc. 2013
300 ## - PHYSICAL DESCRIPTION
Extent 171
Other physical details 28 cm
650 ## - SUBJECT ADDED ENTRY--TOPICAL TERM
Topical term or geographic name entry element time line 1948 to 2013, 2005 Kashmir earthquake and ICRC response
650 ## - SUBJECT ADDED ENTRY--TOPICAL TERM
Topical term or geographic name entry element Ziarat ( Balochistan ) earthquake and ICRC response, Malakand Crisis 2008-11, IDP Crisis in Hangu 2009-11, Flood 2010-11 and ICRC respons
942 ## - ADDED ENTRY ELEMENTS (KOHA)
Source of classification or shelving scheme
Koha item type Book
Holdings
Withdrawn status Lost status Damaged status Not for loan Collection code Permanent Location Current Location Date acquired Total Checkouts Full call number Barcode Date last seen Price effective from Koha item type
          Centre for International Peace & Stability (CIPS) Centre for International Peace & Stability (CIPS) 05/07/2014   361.77 AJO 2013 CIPSD0000143 08/11/2014 08/11/2014 Book
          Centre for International Peace & Stability (CIPS) Centre for International Peace & Stability (CIPS) 05/07/2014   361.77 AJO 2013 CIPSD0000144 08/11/2014 08/11/2014 Book
© 2023 Central Library, National University of Sciences and Technology. All Rights Reserved.